<?xml version="1.0" encoding="UTF-8"?>
<marc:record xmlns:marc="http://www.loc.gov/MARC21/slim">
   <marc:leader>00000nam a2200000 a 4500</marc:leader>
   <marc:datafield ind1="0" ind2="0" tag="245">
      <marc:subfield code="a">Die drei !!! - Mission Pferdeshow</marc:subfield>
   </marc:datafield>
   <marc:datafield ind1=" " ind2="1" tag="264">
      <marc:subfield code="b">Disney</marc:subfield>
   </marc:datafield>
   <marc:datafield ind1="1" ind2=" " tag="520">
      <marc:subfield code="a">Eine alte Bekannte la¨dt Franzi zu einer internationalen Pferdeshow nach Billershausen ein. Und sie darf dabei sogar als Statistin mitwirken. Reiten kann Franzi ja, und wie man ein Lasso schwingt, das kann sie lernen. Wa¨hrend der Proben genießen die drei !!! den Blick hinter die Kulissendes Unternehmens und bekommen einen Eindruck vom Artistenleben. Aber das ist nicht immer nur bunt und so haben die Freundinnen ganz schnell einen neuen Fall. Jemand hat Medikamente aus der Notfall- Apotheke gestohlen. Wer war es? Was hat er damit vor? Zuerst glauben Franzi, Kim und Marie, dass sie einem Drogenhandel auf der Spur sind. Aber sie erkennen bald: Es geht um etwas ganz anderes.</marc:subfield>
   </marc:datafield>
   <marc:datafield ind1=" " ind2=" " tag="020">
      <marc:subfield code="a">4251192104137</marc:subfield>
      <marc:subfield code="9">4251192104137</marc:subfield>
   </marc:datafield>
   <marc:datafield ind1=" " ind2=" " tag="500">
      <marc:subfield code="a">1 Tonie-Figur</marc:subfield>
   </marc:datafield>
   <marc:datafield ind1="0" ind2=" " tag="490">
      <marc:subfield code="v">0</marc:subfield>
   </marc:datafield>
   <marc:datafield ind1=" " ind2=" " tag="300">
      <marc:subfield code="a">ca. 64 Min.</marc:subfield>
   </marc:datafield>
</marc:record>
